Csomagolóanyagok költségeinek tervezése a Robert Bosch Elektronika Kft-nél

Bibliográfiai részletek
Szerző: Juhász Dóra
További közreműködők: Pucsek Dr. József
Dokumentumtípus: Diplomadolgozat
Kulcsszavak:költségszámítás - költségtervezés
Robert Bosch Elektronika Kft.
Csomagolóanyagok
Online Access:http://dolgozattar.uni-bge.hu/12121

MARC

LEADER 00000nta a2200000 i 4500
001 dolg12121
005 20170519154306.0
008 170519suuuu hu om 000 hun d
040 |a BGE Dolgozattár Repozitórium  |b hun 
041 |a hu 
100 1 |a Juhász Dóra 
245 1 0 |a Csomagolóanyagok költségeinek tervezése a Robert Bosch Elektronika Kft-nél  |c Juhász Dóra  |h [elektronikus dokumentum] 
246 1 1 |a Csomagolóanyagok költségeinek tervezése a Robert Bosch Elektronika Kft-nél 
695 |a költségszámítás - költségtervezés 
695 |a Robert Bosch Elektronika Kft. 
695 |a Csomagolóanyagok 
700 1 |a Pucsek Dr. József  |e ths 
856 4 0 |u http://dolgozattar.uni-bge.hu/12121/1/SZAKDOLGOZAT-JUH%C3%81SZ%20D%C3%93RA.pdf  |z Dokumentum-elérés 
856 4 0 |u http://dolgozattar.uni-bge.hu/12121/8/Titkos%C3%ADt%C3%A1si%20k%C3%A9relem.pdf  |z Dokumentum-elérés